Strategic Issues and Challenges in Health Management. (Record no. 349348)
[ view plain ]
| 000 -LEADER | |
|---|---|
| fixed length control field | 00436 a2200169 4500 |
| 020 ## - INTERNATIONAL STANDARD BOOK NUMBER | |
| International Standard Book Number | 9780761936541 |
| 024 ## - OTHER STANDARD IDENTIFIER | |
| Standard number or code | 9780761936541 |
| 082 ## - DEWEY DECIMAL CLASSIFICATION NUMBER | |
| Classification number | 362.1'04250954 |
| 090 ## - LOCALLY ASSIGNED LC-TYPE CALL NUMBER (OCLC); LOCAL CALL NUMBER (RLIN) | |
| -- | 7014 |
| -- | 7014 |
| 100 ## - MAIN ENTRY--PERSONAL NAME | |
| Personal name | K.V.Ramani |
| 245 ## - TITLE STATEMENT | |
| Title | Strategic Issues and Challenges in Health Management. |
| Statement of responsibility, etc. | K.V.Ramani |
| 250 ## - EDITION STATEMENT | |
| Edition statement | 1st. |
| 260 ## - PUBLICATION, DISTRIBUTION, ETC. | |
| Place of publication, distribution, etc. | New Delhi |
| Name of publisher, distributor, etc. | SAGE |
| Date of publication, distribution, etc. | 2008 |
| 300 ## - PHYSICAL DESCRIPTION | |
| Extent | 227p. |
| 500 ## - GENERAL NOTE | |
| General note | Hard Cover |
| 942 ## - ADDED ENTRY ELEMENTS (KOHA) | |
| Institution code [OBSOLETE] | NBS |
| Koha item type | Book |
| Call number prefix | 362.1'04250954 RAM |
| Withdrawn status | Lost status | Damaged status | Not for loan | Permanent Location | Current Location | Date acquired | Total Checkouts | Full call number | Barcode | Date last seen | Date last checked out | Price effective from | Koha item type |
|---|---|---|---|---|---|---|---|---|---|---|---|---|---|
| Central Library (CL) | Central Library (CL) | 08/28/2013 | 1 | 362.1'04250954 RAM | NBS9042 | 11/23/2017 | 08/22/2017 | 08/28/2013 | Book |
